| 000 | 00720nam a2200205 i 4500 | ||
|---|---|---|---|
| 001 | 78934 | ||
| 003 | ES-MaACL | ||
| 007 | t| | ||
| 008 | 041018s1984 sp ||||1| spa d | ||
| 100 | 1 |
_aHeller, Agnes. _962436 |
|
| 245 | 1 | 0 |
_aCrítica de la ilustración _b: las antinomas morales de la razón / _cAgnes Heller ; traducción de Gustau Muñoz y José Ignacio López Soria. |
| 260 |
_aBarcelona : _bPenínsula, _c[1984] |
||
| 300 |
_a333 p. ; _c20 cm. |
||
| 490 | 1 | _aHistoria, ciencia, sociedad | |
| 700 | 1 |
_aMuñoz, Gustau. _984309 |
|
| 700 | 1 |
_aLópez Soria, José Ignacio. _973989 |
|
| 830 | 0 | 0 |
_aHistoria, ciencia, sociedad (Península) _9177444 |
| 852 |
_aES-MaACL _jL-7868 _bR.107172 |
||
| 999 |
_c78934 _d78934 |
||